000 00901nam a2200253Ia 4500
003 OSt
005 20220927105651.0
006 a|||||r|||| 00| 0
007 ta
008 220926b |||||||| |||| 00| 0 eng d
024 _a194938
037 _cReference Collections
040 _aRTL
_cRTL
_beng
041 _2eng
_aeng
082 _a"Y9(W6).237, P6/TH"
100 _aSINGH Shashi Bhushan
_9374112
245 0 _aA sociological analysis of democracy and development
_b A case study in Rajasthan.
260 _a"Delhi,"
_bUniversity of Delhi.
_c2006
300 _a268p. Bibliography: p 260-268
_ccm.
490 _a"University of Delhi, Sociology ( Deptt.of-),Thesis. Thesis, University of Delhi, Sociology ( Deptt.of-"
500 _aGlossary is given at the begin.
942 _h"Y9(W6).237, P6/TH"
_cCC
999 _c693806
_d693806